000 00452nam a2200145 i 4500
001 43730
003 ES-MaACL
005 20230906160850.0
007 t|
008 030318s1878 sp ||||1| spa d
100 1 _aCaula, Remigio.
_937109
245 1 1 _a¡Triste ejemplo!
_b: cuadro dramático en un acto en verso /
_cRemigio Caula.
260 _aLugo :
_b[s.n.],
_c1878 (
_fImpr. de Soto Freire á cargo de Juan M. Bravot)
852 _aES-MaACL
_j1607-F-2
999 _c43730
_d43730